Arteries and Veins of the human body - Statistics

General Stats
  • This quiz has been taken 165 times
  • The average score is 5 of 25
Answer Stats
Hint Answer % Correct
A Aorta
79%
B Brachial Artery
40%
R Radial Artery
40%
F Femoral Artery
38%
U Ulnar Artery
38%
I Inferior Vena Cava
31%
S Superior Vena Cava
30%
U Ulnar Vein
29%
R Radial Vein
24%
A Axillary Artery
22%
F Femoral Vein
22%
P Pulmonary Artery
21%
B Brachial Vein
17%
A Abdominal Aorta
12%
C Common Iliac Artery
11%
G Great Saphenous Vein
10%
B Brachiocephalic Vein
9%
L Left Common Carotid Artery
8%
L Left Subclavian Artery
8%
R Right Common Carotid
8%
R Right Subclavian Artery
7%
A Anterior Tibial Artery
4%
M Median Cubital Vein
4%
J Juguar Vein
1%
R Renal Aorta
1%
No matching quizzes found
Score Distribution
Percent of People with Each Score
Percentile by Number Answered
Your Score History
You have not taken this quiz